| 000 | 00428cam a2200181ua 4500 | ||
|---|---|---|---|
| 001 | 6327 | ||
| 008 | 181008n1979 II |||gr||||Z||||||eng | ||
| 040 | _aMAIN | ||
| 041 | _aEnglish | ||
| 041 | _aeng | ||
| 082 | _a320.3 DEO | ||
| 100 | _aDEOL , DALER . | ||
| 245 | _aCOMPARATIVE POLITICS AND GOVERNMENT | ||
| 260 |
_aNEW DELHI _bSTERLING PUBLISHERS _c1979 |
||
| 300 | _a411. | ||
| 653 | _aCOMPARATIVE GOVERNMENT | ||
| 942 | _cBK | ||
| 999 |
_c6312 _d6312 |
||